000 00627 a2200265 4500
260 _aQuébec
650 _aTerre
630 _a91 - Geographie. Exploration de la terre, des diverses regions, des divers pays. Voyages. Geographie regionale
650 _a9 - GEOGRAPHIE ET HISTOIRE
100 _aBureau, Luc
260 _bBoréal
300 _a273 p.
245 _aLa Terre et moi
650 _aTerre
650 _aenvironnement
650 _aForêt
650 _aCanada
260 _c1991
300 _b22 cm
100 _lFr
037 _aL10056
020 _a2-89052-377-2
999 _c35606
_d35606